000
00235nam a2200097Ia 4500
008
170620s9999 xx 000 0 und d
100
_a
Jain.Deepak
245
0
_a
Physical & Drill Training for Child
260
_b
New delhi.Khel.S.k
260
_c
2004
300
_a
298
999
_c
27739
_d
27739